000 00445nam a2200181Ia 4500
005 20250114110918.0
008 131103s9999 xx 000 0 und d
040 _aLoreto College
041 _aEnglish
082 _a900
_bNEW
245 4 _aThe new age History readers
260 _aLondon
_bThomas Nelson
_c1929
300 _a176p.
_b pic.
440 _aThe Royal School Series
650 _aIndia history
850 _aLCBED
942 _cBK
999 _c28853
_d79332